Diseño de un sistema de intercambio de información para dispositivos intercomunicados por redes PLC de automóviles
Presenta un diseño de un sistema de intercambio de información para dispositivos intercomunicados por redes PLC de automóviles.
Shranjeno v:
| Glavni avtor: | |
|---|---|
| Korporativna značnica: | |
| Drugi avtorji: | |
| Format: | eKnjiga |
| Jezik: | španščina |
| Izdano: |
Buenos Aires :
Universidad de Buenos Aires,
2011.
|
| Teme: | |
| Online dostop: | https://elibro.unach.elogim.com/es/lc/unach/titulos/85736 |
| Oznake: |
Označite
Brez oznak, prvi označite!
|
MARC
| LEADER | 00000nam a2200000 a 4500 | ||
|---|---|---|---|
| 001 | ELB85736 | ||
| 003 | FlNmELB | ||
| 006 | m o d | | ||
| 007 | cr cn||||||||| | ||
| 008 | 201201r2011 ag |||||s|||||||||||spa d | ||
| 024 | 8 | |z 71207061510 | |
| 035 | |a (MiAaPQ)EBC3201270 | ||
| 035 | |a (Au-PeEL)EBL3201270 | ||
| 035 | |a (CaPaEBR)ebr10592226 | ||
| 035 | |a (OCoLC)929376688 | ||
| 040 | |a FlNmELB |b spa |c FlNmELB | ||
| 050 | 4 | |a QA76 |b B567 2011 | |
| 080 | |a 004 | ||
| 082 | 0 | 4 | |a 004 |2 22 |
| 100 | 1 | |a Beunza, Fernando Ariel. | |
| 245 | 1 | 0 | |a Diseño de un sistema de intercambio de información para dispositivos intercomunicados por redes PLC de automóviles |h [recurso electronico] |c Fernando Ariel Beunza. |
| 260 | |a Buenos Aires : |b Universidad de Buenos Aires, |c 2011. | ||
| 300 | |a 809 p. | ||
| 500 | |a Tesina - Universidad de Buenos Aires. | ||
| 520 | |a Presenta un diseño de un sistema de intercambio de información para dispositivos intercomunicados por redes PLC de automóviles. | ||
| 533 | |a Recurso electrónico. Santa Fe, Arg.: e-libro, 2015. Disponible vía World Wide Web. El acceso puede estar limitado para las bibliotecas afiliadas a e-libro. | ||
| 650 | 4 | |a Computers. |x Data transmission systems. |x Electronic data interchange. | |
| 650 | 4 | |a Computadoras. |x Sistemas de transmisión de datos. |x Intercambio electrónico de datos. | |
| 655 | 4 | |a Libros electrónicos. | |
| 700 | 1 | |a Alberto, Jorge. |4 drt | |
| 710 | 2 | |a e-libro, Corp. | |
| 856 | 4 | 0 | |u https://elibro.unach.elogim.com/es/lc/unach/titulos/85736 |